Raya and the Last Dragon - Characters by Picture - Statistics

General Stats
  • This quiz has been taken 36 times
  • The average score is 8 of 15
Answer Stats
Picture Answer % Correct
Raya
96%
Sisu
83%
Tuk Tuk
83%
Namaari
79%
Tong
67%
Boun
63%
Chief Benja
63%
Little Noi
63%
Virana
54%
Dang Hu
42%
Dang Hai
33%
Chai
25%
Chief of Spine
17%
Chief of Tail
17%
Wahn
13%
No matching quizzes found
Score Distribution
Percent of People with Each Score
Percentile by Number Answered
Your Score History
You have not taken this quiz